Marianela /
Guardado en:
| Autor Principal: | |
|---|---|
| Formato: | Libro |
| Publicado: |
Buenos Aires :
Kapelusz,
1976
|
| Edición: | 10a. ed. |
| Materias: | |
| Etiquetas: |
Agregar Etiqueta
Sin Etiquetas, Sea el primero en etiquetar este registro!
|
| LEADER | 00814nam a22002415a 4500 | ||
|---|---|---|---|
| 001 | CEM.cems005193 | ||
| 005 | 20060220000000.0 | ||
| 008 | 130507s1976##################000#0#####d | ||
| 003 | CEMS | ||
| 082 | 0 | 4 | |a 863.5 |
| 100 | 1 | |a Pérez Galdos, Benito | |
| 245 | 1 | 0 | |a Marianela / |
| 250 | |a 10a. ed. | ||
| 260 | |a Buenos Aires : |b Kapelusz, |c 1976 | ||
| 300 | |a 189 p. | ||
| 653 | |a Literatura | ||
| 653 | |a Novela española-siglo 19 | ||
| 653 | |a Novelas | ||
| 859 | |a CEMS |b BIB. CEMS - 11 de abril |h 863.5 |i P415a10 |p 5381.76 |t Ej.1 | ||
| 859 | |a CEMS |b BIB. CEMS - 11 de abril |h 863.5 |i P415a10 |p 5382.76 |t Ej.2 | ||
| 859 | |a CEMS |b BIB. CEMS - 11 de abril |h 863.5 |i P415a10 |p 5383.76 |t Ej.3 | ||
| 859 | |a CEMS |b BIB. CEMS - 11 de abril |h 863.5 |i P415a10 |p 5384.76 |t Ej.4 | ||
| 859 | |a CEMS |b BIB. CEMS - 11 de abril |h 863.5 |i P415a10 |p 5385.76 |t Ej.5 | ||
